[Event "Brackel 2 - Brühl"]
[Site "Dortmund"]
[Date "2024.04.07"]
[Round "8.4"]
[White "Kracht, Raphael"]
[Black "Spilles, Matthias"]
[Result "1-0"]
[WhiteElo "2196"]
[BlackElo "2104"]
[PlyCount "107"]
[EventDate "2024.??.??"]

1. e4 e6 2. d4 d5 3. Nd2 Be7 4. Bd3 c5 5. dxc5 Nf6 6. Qe2 O-O 7. Ngf3 a5 8. O-O Na6 9. e5 Nd7 10. c4 Naxc5 11. Bc2 b6 12. Rd1 Ba6 13. b3 Qc7 14. Bb2 Rac8 15. Rac1 Rfd8 16. h4 dxc4 17. Nxc4 Nf8 18. Bd4 Rd5 19. h5 Rcd8 20. Qe3 Bb7 21. h6 g6 22. Qf4 f5 23. a3 g5 24. Qg3 Ng6 25. Bxc5 Rxd1+ 26. Rxd1 Rxd1+ 27. Bxd1 bxc5 28. Nd6 g4 29. Nd2 Bg5 30. N2c4 Bf4 31. Qc3 Nxe5 32. Nxb7 Qxb7 33. Nxe5 Qd5 34. Nd3 Bxh6 35. Qc4 Qd6 36. Bc2 Bf8 37. Nf4 Kf7 38. Bxf5 Kf6 39. Qxe6+ Qxe6 40. Nxe6 Kxf5 41. Nxf8 Ke5 42. Kf1 Kd4 43. Ne6+ Kd5 44. Nxc5 Kxc5 45. Ke2 h5 46. g3 Kd4 47. Kd2 Ke4 48. b4 axb4 49. axb4 Kf3 50. b5 Kxf2 51. b6 Kxg3 52. b7 Kh2 53. b8=Q+ g3 54. Qf4 1-0

[Event "Brackel 2 - Brühl"]
[Site "Dortmund"]
[Date "2024.04.07"]
[Round "8.5"]
[White "Engel, Johann"]
[Black "Stemmler, Fabian"]
[Result "1/2-1/2"]
[WhiteElo "2122"]
[BlackElo "2173"]
[PlyCount "100"]
[EventDate "2024.??.??"]

1. d4 Nf6 2. c4 g6 3. Nc3 Bg7 4. e4 d6 5. Nf3 O-O 6. Be2 e5 7. dxe5 dxe5 8. Qxd8 Rxd8 9. Bg5 Nbd7 10. O-O-O Rf8 11. Rhe1 c6 12. b4 h6 13. Bd2 Re8 14. c5 b6 15. cxb6 axb6 16. Bc4 b5 17. Bb3 Bf8 18. Kb2 Bxb4 19. Bxh6 Ng4 20. Bc1 Nc5 21. Rd2 Nxf2 22. Bc2 Ng4 23. h3 Nf6 24. Rf2 Ba3+ 25. Kb1 Bxc1 26. Rxc1 b4 27. Ng5 bxc3 28. Rxf6 Be6 29. Nxe6 Reb8+ 30. Bb3 Nxe4 31. Rxg6+ fxg6 32. Nc5+ Rxb3+ 33. Nxb3 Kf7 34. Re1 Ra4 35. Nc1 Kf6 36. Kc2 Rd4 37. Nb3 Ra4 38. Nc1 Kg5 39. Kb3 Rd4 40. Ne2 Rd3 41. Nc1 Rd4 42. Ne2 Rd2 43. a4 Rb2+ 44. Kc4 c2 45. Nc1 Rb1 46. Rxe4 Rxc1 47. Rxe5+ Kf4 48. Re2 Ra1 49. Rxc2 Rxa4+ 50. Kc5 Kg3 1/2-1/2

[Event "Brackel 2 - Brühl"]
[Site "Dortmund"]
[Date "2024.04.07"]
[Round "8.6"]
[White "Kartsev, Nikolay"]
[Black "Guelsen, Taylan"]
[Result "1-0"]
[WhiteElo "2057"]
[BlackElo "2127"]
[PlyCount "113"]
[EventDate "2024.??.??"]

1. Nf3 d5 2. e3 g6 3. c4 e6 4. b3 Bg7 5. d4 c5 6. cxd5 exd5 7. Bb2 Nc6 8. Bb5 Qa5+ 9. Nc3 Nge7 10. O-O O-O 11. Bxc6 Nxc6 12. Na4 cxd4 13. Nxd4 Ne5 14. h3 Qd8 15. Qe2 Qg5 16. f4 Qg3 17. fxe5 Bxe5 18. Qf3 Qh2+ 19. Kf2 Bg7 20. Qxd5 Be6 21. Qxb7 Rac8 22. Rac1 Rxc1 23. Rxc1 Bxh3 24. Qf3 Be6 25. Qf4 Qh5 26. Rc5 Qd1 27. Ne2 Bxb2 28. Nxb2 Qb1 29. Qd4 Qxa2 30. b4 Rb8 31. Ra5 Qb3 32. Nd3 Bc4 33. Nef4 Qc2+ 34. Kg3 Bxd3 35. Nxd3 Qc7+ 36. Qe5 Qb6 37. Qd4 Qc7+ 38. Qf4 Qb6 39. Ne5 Rb7 40. Nd3 f6 41. Rc5 Qd8 42. Qc4+ Kg7 43. Nf4 Qd6 44. Kh3 Re7 45. Rc7 Kh6 46. Rxe7 Qxe7 47. Ne6 g5 48. Qe4 Qf7 49. g4 a6 50. Qf5 Qe7 51. Kg2 a5 52. bxa5 Qb7+ 53. Qf3 Qb2+ 54. Qf2 Qb7+ 55. Kg1 Qe7 56. Qh2+ Kg6 57. Qh5# 1-0

[Event "Brackel 2 - Brühl"]
[Site "Dortmund"]
[Date "2024.04.07"]
[Round "8.7"]
[White "Rieber, Ingo"]
[Black "Gerlach, Felix"]
[Result "1/2-1/2"]
[WhiteElo "1939"]
[BlackElo "2132"]
[PlyCount "91"]
[EventDate "2024.??.??"]

1. e4 c5 2. Nf3 Nc6 3. d4 cxd4 4. Nxd4 e5 5. Nb3 Nf6 6. Bd3 d5 7. exd5 Nxd5 8. O-O Be7 9. a3 Be6 10. Bd2 Nb6 11. Na5 O-O 12. Nxc6 bxc6 13. Qe2 Bd6 14. Bc3 Qc7 15. Re1 Nd7 16. Nd2 f5 17. Nc4 Bxc4 18. Bxc4+ Kh8 19. Rad1 e4 20. h4 Ne5 21. h5 Ng4 22. h6 Nxh6 23. Qh5 Be5 24. Bxe5 Qxe5 25. Rd7 Rad8 26. Red1 Rxd7 27. Rxd7 Qxb2 28. Qg5 Qa1+ 29. Bf1 Qe5 30. Rxa7 Ng4 31. g3 Qd4 32. Qxf5 Nf6 33. Rc7 h6 34. Qg6 Ng4 35. Rf7 Rxf7 36. Qxf7 Ne5 37. Qf8+ Kh7 38. Bh3 Qd1+ 39. Bf1 Nf3+ 40. Kg2 Qd5 41. Qb4 c5 42. Qc4 Ne1+ 43. Kg1 Nf3+ 44. Kg2 Ne1+ 45. Kg1 Nf3+ 46. Kg2 1/2-1/2

[Event "Brackel 2 - Brühl"]
[Site "Dortmund"]
[Date "2024.04.07"]
[Round "8.8"]
[White "Bartelt, Max Peter"]
[Black "Heuser, Friedhelm"]
[Result "1-0"]
[WhiteElo "2064"]
[BlackElo "2016"]
[PlyCount "57"]
[EventDate "2024.??.??"]

1. d4 Nf6 2. Bg5 e6 3. e4 d5 4. e5 h6 5. Be3 Nfd7 6. f4 c5 7. c3 Qb6 8. Qd2 Nc6 9. Nf3 cxd4 10. cxd4 Qb4 11. Nc3 Be7 12. Bd3 O-O 13. g4 Nb6 14. a3 Qb3 15. Bc2 Qc4 16. g5 h5 17. g6 f6 18. Qd1 fxe5 19. Bd3 exd4 20. Bxc4 Nxc4 21. Bxd4 Rxf4 22. Bf2 Bf6 23. Nxd5 Nxb2 24. Nxf6+ gxf6 25. Qb3 Nc4 26. Rc1 Re4+ 27. Kf1 N6e5 28. Rxc4 Nxc4 29. Qb5 1-0

[Event "Lasker Köln - Elberfeld"]
[Site "?"]
[Date "2024.04.07"]
[Round "8.1"]
[White "Odendahl, Reiner"]
[Black "Paris, Michael"]
[Result "1/2-1/2"]
[WhiteElo "2273"]
[BlackElo "2142"]
[PlyCount "38"]
[EventDate "2024.??.??"]

1. c4 e5 2. Nc3 Nf6 3. Nf3 Nc6 4. a3 h6 5. d3 d5 6. cxd5 Nxd5 7. Qb3 Nb6 8. e3 Be6 9. Qc2 a5 10. b3 Qd7 11. Be2 f6 12. O-O Bd6 13. Rd1 Qf7 14. Rb1 O-O 15. Nd2 Nd7 16. Nb5 Na7 17. Nxd6 cxd6 18. d4 Rfc8 19. Qd3 d5 1/2-1/2

[Event "Lasker Köln - Elberfeld"]
[Site "?"]
[Date "2024.04.07"]
[Round "8.2"]
[White "Eichhorn, Andreas"]
[Black "Volkov, Mykyta"]
[Result "0-1"]
[WhiteElo "2268"]
[BlackElo "2271"]
[PlyCount "96"]
[EventDate "2024.??.??"]

1. Nf3 d5 2. e3 Nf6 3. c4 e6 4. Nc3 c5 5. cxd5 exd5 6. d4 Nc6 7. Be2 cxd4 8. Nxd4 Bd6 9. O-O a6 10. e4 dxe4 11. Nxc6 bxc6 12. Qa4 O-O 13. Bg5 Bf5 14. Qxc6 Be5 15. Rfd1 Qc8 16. Qxc8 Rfxc8 17. Bxf6 Bxf6 18. Rd6 a5 19. Nd5 Be6 20. Nxf6+ gxf6 21. Rb6 Rab8 22. Rxb8 Rxb8 23. b3 Rc8 24. Bd1 f5 25. g3 f4 26. Kf1 f3 27. Ke1 Kg7 28. Kd2 Kf6 29. Rb1 Ke5 30. a3 Rd8+ 31. Ke1 Rd3 32. Bc2 Rc3 33. Kd2 Rc7 34. Re1 f5 35. g4 Kd4 36. gxf5 Bxf5 37. Re3 Rg7 38. Rc3 Be6 39. Bxe4 Kxe4 40. Re3+ Kd5 41. Rxf3 Rg2 42. h3 Rh2 43. Rf4 Rxh3 44. Ra4 Rxb3 45. Rxa5+ Kd4 46. Rh5 Rd3+ 47. Kc1 Rh3 48. Ra5 Kc3 0-1

[Event "Lasker Köln - Elberfeld"]
[Site "?"]
[Date "2024.04.07"]
[Round "8.3"]
[White "Dresen, Ulrich"]
[Black "Wiekert, Martin"]
[Result "1/2-1/2"]
[WhiteElo "2122"]
[BlackElo "2225"]
[PlyCount "143"]
[EventDate "2024.??.??"]

1. d4 d5 2. Nf3 Nf6 3. Bf4 c5 4. e3 Nc6 5. Be2 cxd4 6. exd4 Bf5 7. c3 e6 8. Nbd2 Bd6 9. Bxd6 Qxd6 10. O-O h6 11. Re1 O-O 12. Nb3 Rab8 13. a4 Ne4 14. Bd3 Qd8 15. Re3 Nd6 16. Bxf5 Nxf5 17. Re2 Qd6 18. Nc5 Rfc8 19. Nd3 Qd8 20. g3 Nd6 21. Kg2 Ne4 22. Nd2 Nxd2 23. Qxd2 Na5 24. Qd1 Nc4 25. h4 Nd6 26. Qd2 Qd7 27. Ne5 Qe8 28. Qc2 Nc4 29. Nd3 Qc6 30. Nb4 Qb6 31. Nd3 Na5 32. Qd1 Nc4 33. Qc2 Na5 34. Qd1 Nc4 35. Qc2 Nd6 36. Qd1 Qd8 37. Ne5 Nc4 38. Nd3 Qd7 39. Qc2 b6 40. Rae1 Qd8 41. Qd1 Nd6 42. Qd2 Qe8 43. Ra1 a5 44. Qd1 Rc7 45. Qc2 Qc8 46. Qd2 Qd8 47. Qd1 Qf6 48. Qd2 Ne4 49. Qf4 Qxf4 50. Nxf4 Kf8 51. Nd3 Ke7 52. f3 Nd6 53. h5 Kf8 54. Kf2 b5 55. axb5 Rxb5 56. Ra2 Nc4 57. g4 Ra7 58. Nc5 Rb8 59. b3 Nb6 60. Re1 Nd7 61. b4 Nxc5 62. bxc5 Rb3 63. Rea1 Rxc3 64. Rxa5 Rxa5 65. Rxa5 Ke7 66. Ra7+ Kf6 67. Ke2 g6 68. hxg6 Kxg6 69. Re7 Kf6 70. Rd7 Kg7 71. Ra7 Kg6 72. Re7 1/2-1/2

[Event "Lasker Köln - Elberfeld"]
[Site "?"]
[Date "2024.04.07"]
[Round "8.4"]
[White "Nagel, Bernhard"]
[Black "Hintze, Helge"]
[Result "1/2-1/2"]
[WhiteElo "2150"]
[BlackElo "2226"]
[PlyCount "63"]
[EventDate "2024.??.??"]

1. Nf3 c5 2. g3 g6 3. c4 Bg7 4. Bg2 Nc6 5. Nc3 d6 6. O-O Nf6 7. d4 cxd4 8. Nxd4 Nxd4 9. Qxd4 O-O 10. Qd3 Bf5 11. e4 Be6 12. b3 Ng4 13. Bb2 Qa5 14. Rac1 Qh5 15. h3 Ne5 16. Qd1 Qxd1 17. Rfxd1 Rfc8 18. Na4 Bd7 19. Bxe5 Bxe5 20. f4 Bg7 21. e5 Bc6 22. exd6 exd6 23. Rxd6 Bxg2 24. Kxg2 b5 25. Nc3 bxc4 26. Nd5 Bf8 27. Ra6 cxb3 28. Rxc8 Rxc8 29. axb3 Rb8 30. Rxa7 Kg7 31. b4 Bxb4 32. Nxb4 1/2-1/2

[Event "Lasker Köln - Elberfeld"]
[Site "?"]
[Date "2024.04.07"]
[Round "8.5"]
[White "Kurr, Gerd"]
[Black "Pfeffer, Ruprecht"]
[Result "1-0"]
[WhiteElo "2191"]
[BlackElo "2237"]
[PlyCount "77"]
[EventDate "2024.??.??"]

1. d4 Nf6 2. Nf3 g6 3. c4 Bg7 4. Nc3 d5 5. e3 O-O 6. cxd5 Nxd5 7. Qb3 Nb6 8. Be2 Be6 9. Qc2 Nc6 10. O-O Bf5 11. Qd2 e5 12. d5 Ne7 13. e4 Bd7 14. d6 cxd6 15. Qxd6 Bg4 16. Qxd8 Rfxd8 17. Be3 Bxf3 18. gxf3 Nc6 19. Rfd1 Nd4 20. Kf1 Rac8 21. Rac1 h6 22. Nb5 a6 23. Rxc8 Nxc8 24. Nxd4 exd4 25. Bf4 Ne7 26. Bd3 Nc6 27. Bd2 g5 28. Rc1 Be5 29. Bxa6 Ne7 30. Bd3 Bxh2 31. Rc5 Nc6 32. Bb5 Ne7 33. Bc4 Bd6 34. Rb5 Rd7 35. e5 Bb8 36. e6 Rc7 37. exf7+ Kg7 38. Bb3 Nc6 39. Bxg5 1-0

[Event "Lasker Köln - Elberfeld"]
[Site "?"]
[Date "2024.04.07"]
[Round "8.6"]
[White "Fox, Daniel"]
[Black "Noetzel, Frank"]
[Result "1/2-1/2"]
[WhiteElo "2157"]
[BlackElo "2199"]
[PlyCount "131"]
[EventDate "2024.??.??"]

1. e4 d6 2. d4 Nf6 3. Nc3 e5 4. Nf3 Nbd7 5. Bc4 Be7 6. O-O O-O 7. Re1 c6 8. a4 a5 9. h3 Nb6 10. Bb3 Nfd7 11. Be3 exd4 12. Qxd4 Nc5 13. Rad1 Be6 14. Bxe6 fxe6 15. e5 d5 16. Qg4 Qe8 17. Nd4 h5 18. Qg3 Nbd7 19. f4 Kh7 20. Rf1 g6 21. Qh2 Rf7 22. g4 Bf8 23. Qe2 Rg7 24. Rf2 Be7 25. Rdf1 Bf8 26. Nf3 Be7 27. Kh2 Kg8 28. Nd4 hxg4 29. hxg4 Kf7 30. Kg3 Qh8 31. Rh2 Rh7 32. Rfh1 Rxh2 33. Qxh2 Qxh2+ 34. Rxh2 Rg8 35. Nf3 b6 36. Nd4 Nb8 37. Rh7+ Rg7 38. Rh8 Rg8 39. Rh7+ Rg7 40. Rh8 Rg8 41. Rxg8 Kxg8 42. f5 gxf5 43. gxf5 exf5 44. Kf4 Kf7 45. Kxf5 Bh4 46. Nf3 Be7 47. e6+ Ke8 48. Bf4 Nba6 49. Nd4 Nb4 50. Bc7 Nb7 51. Bxb6 Nd6+ 52. Kg6 Nc4 53. Bc7 c5 54. Nf5 Nxb2 55. Bxa5 d4 56. Ne4 Nd5 57. Bd2 Nxa4 58. Bg5 Bxg5 59. Kxg5 Kd8 60. Nf6 Nac3 61. Nxd5 Nxd5 62. Nd6 Ke7 63. Ne4 Kxe6 64. Nxc5+ Ke5 65. Nb3 Ne3 66. Nxd4 1/2-1/2

[Event "Lasker Köln - Elberfeld"]
[Site "?"]
[Date "2024.04.07"]
[Round "8.7"]
[White "Tymura, Achim"]
[Black "Cramer, Volker"]
[Result "1/2-1/2"]
[WhiteElo "2023"]
[BlackElo "2048"]
[PlyCount "42"]
[EventDate "2024.??.??"]

1. d4 e6 2. c4 Bb4+ 3. Bd2 a5 4. Nf3 Nf6 5. e3 b6 6. Bxb4 axb4 7. Nbd2 O-O 8. Bd3 d5 9. cxd5 exd5 10. Qc2 Ba6 11. Bxa6 Nxa6 12. O-O c5 13. b3 Qe7 14. Rfc1 Rfc8 15. Qf5 g6 16. Qe5 Qxe5 17. Nxe5 Nb8 18. Rc2 Nc6 19. Nxc6 Rxc6 20. Rac1 Rac8 21. f3 Kf8 1/2-1/2

[Event "Lasker Köln - Elberfeld"]
[Site "?"]
[Date "2024.04.07"]
[Round "8.8"]
[White "Mandt, Mathias"]
[Black "Werbeck, Torsten"]
[Result "1/2-1/2"]
[WhiteElo "2058"]
[BlackElo "2008"]
[PlyCount "83"]
[EventDate "2024.??.??"]

1. d4 Nf6 2. c4 c5 3. d5 b5 4. Nd2 bxc4 5. e4 d6 6. Bxc4 g6 7. b3 Bg7 8. Bb2 O-O 9. Qc2 Ba6 10. Ngf3 Bxc4 11. Nxc4 Nbd7 12. O-O Nb6 13. Nfd2 Nxc4 14. Nxc4 Nd7 15. Bxg7 Kxg7 16. Rab1 a5 17. Rfe1 f6 18. Re3 Ne5 19. f4 Nxc4 20. bxc4 Qc7 21. Reb3 Rfb8 22. Rb5 a4 23. Qb2 a3 24. Qc3 Rxb5 25. Rxb5 Ra4 26. Kf1 Kf7 27. Ke2 h6 28. h3 Qd7 29. Kd3 Ra7 30. Qb3 Qc7 31. Ke2 Qc8 32. Rb6 Qc7 33. Qb5 Ra8 34. Rb7 Qd8 35. Kd3 Kf8 36. Ke3 Qc8 37. Kf3 g5 38. f5 h5 39. g3 Qd8 40. Ke2 Kf7 41. Kd3 Kf8 42. Kc2 1/2-1/2

[Event "Letmathe - Münster 2"]
[Site "?"]
[Date "2024.04.07"]
[Round "8.1"]
[White "Weidemann, Jakob"]
[Black "Haub, Thorsten Michael"]
[Result "1/2-1/2"]
[WhiteElo "2122"]
[BlackElo "2338"]
[PlyCount "68"]
[EventDate "2024.??.??"]

1. e4 g6 2. d4 Bg7 3. Nc3 d6 4. Be3 c6 5. h4 h5 6. Qd2 Nd7 7. O-O-O b5 8. Kb1 Bb7 9. f3 a6 10. Nh3 Qc7 11. Ng5 Nh6 12. g4 hxg4 13. h5 gxh5 14. Rxh5 Nf6 15. Rh1 O-O-O 16. Rxh6 Bxh6 17. Nxf7 Bxe3 18. Qxe3 gxf3 19. Qxf3 Kb8 20. Nxd8 Rxd8 21. a3 c5 22. dxc5 Qxc5 23. Bh3 Qe5 24. Qf5 Qxf5 25. Bxf5 Rg8 26. Nd5 Bxd5 27. exd5 Rg5 28. Be6 Kc7 29. Ka2 Re5 30. Rd3 Kb6 31. b4 a5 32. Kb2 axb4 33. axb4 Re4 34. Kb3 Re5 1/2-1/2

[Event "Letmathe - Münster 2"]
[Site "?"]
[Date "2024.04.07"]
[Round "8.2"]
[White "Bosch, Jeroen"]
[Black "Junk, Phillip"]
[Result "1/2-1/2"]
[WhiteElo "2404"]
[BlackElo "2083"]
[PlyCount "95"]
[EventDate "2024.??.??"]

1. d4 d5 2. Bf4 Nf6 3. e3 e6 4. Nd2 c5 5. c3 Bd6 6. Bg3 O-O 7. Bd3 Qc7 8. dxc5 Qxc5 9. Ngf3 Nbd7 10. O-O Bxg3 11. hxg3 b6 12. e4 dxe4 13. Nxe4 Qe7 14. Nd6 Nc5 15. Nxc8 Raxc8 16. Bc2 Rfd8 17. Qe2 h6 18. Rfe1 Nb7 19. Ne5 Nc5 20. Rad1 Ncd7 21. Nf3 Nb8 22. Rxd8+ Rxd8 23. Ne5 Rd6 24. Nc4 Rd8 25. Rd1 Nc6 26. Ba4 Nb8 27. Ne5 Rd6 28. Qc4 Rxd1+ 29. Bxd1 Qd8 30. Bf3 Nfd7 31. Qd4 Qf6 32. Nc6 Qxd4 33. Nxd4 Kf8 34. Kf1 Ke7 35. Ke1 g6 36. Kd2 e5 37. Nc2 Na6 38. g4 Nc7 39. Ne3 Ke6 40. b4 Nf6 41. g3 Nfe8 42. Bd1 Nd6 43. Bb3+ Ke7 44. Nd5+ Nxd5 45. Bxd5 f5 46. gxf5 gxf5 47. c4 Ne8 48. Ke3 1/2-1/2

[Event "Letmathe - Münster 2"]
[Site "?"]
[Date "2024.04.07"]
[Round "8.3"]
[White "Schroeder, Lennart"]
[Black "Schleining, Zoya"]
[Result "0-1"]
[WhiteElo "2097"]
[BlackElo "2334"]
[PlyCount "150"]
[EventDate "2024.??.??"]

1. d4 Nf6 2. c4 g6 3. Nc3 Bg7 4. e4 O-O 5. Nf3 d6 6. Be2 e5 7. dxe5 dxe5 8. Qxd8 Rxd8 9. Bg5 Re8 10. Nd5 Nxd5 11. cxd5 c6 12. Bc4 b5 13. Bb3 Bb7 14. O-O-O c5 15. d6 Nd7 16. Bd5 Bxd5 17. Rxd5 Rac8 18. Be7 h5 19. h3 f6 20. g4 hxg4 21. hxg4 Kf7 22. g5 Rh8 23. Rxh8 Rxh8 24. gxf6 Bxf6 25. Ng5+ Bxg5+ 26. Bxg5 Ke6 27. Kd2 a6 28. b3 Rh1 29. Ke2 Ra1 30. Rd2 Rg1 31. Be7 Rc1 32. Bg5 c4 33. bxc4 Rxc4 34. f3 Rc6 35. Be7 Rc3 36. Bd8 Ra3 37. Kf2 Nc5 38. Be7 Nd7 39. Kg3 b4 40. Kg4 a5 41. Rh2 a4 42. Rd2 Rc3 43. Rd5 Rc5 44. Rd2 b3 45. axb3 axb3 46. Kg5 Rc3 47. Kg4 Rc2 48. Rd3 b2 49. Rb3 Nc5 50. Rb8 Nd3 51. d7 Kxd7 52. Ba3 Rg2+ 53. Kh4 Nf4 54. Be7 Rh2+ 55. Kg3 Rh3+ 56. Kg4 Kxe7 57. Rxb2 Rh5 58. Rb6 Ne6 59. Kg3 Kf6 60. Rd6 Rh1 61. Rb6 Rg1+ 62. Kf2 Rc1 63. Kg3 Rc3 64. Kg4 Ke7 65. Ra6 Rc1 66. Kg3 Nf4 67. Kh4 Rh1+ 68. Kg5 Rg1+ 69. Kh6 Ne6 70. Kh7 Kf6 71. Kg8 Rb1 72. Ra7 Rb8+ 73. Kh7 Ng5+ 74. Kh6 Rh8+ 75. Rh7 Rxh7# 0-1

[Event "Letmathe - Münster 2"]
[Site "?"]
[Date "2024.04.07"]
[Round "8.4"]
[White "Soukup, Jiri"]
[Black "Virnyi, Julius"]
[Result "1/2-1/2"]
[WhiteElo "2321"]
[BlackElo "2106"]
[PlyCount "103"]
[EventDate "2024.??.??"]

1. e4 c5 2. Nf3 d6 3. d4 cxd4 4. Nxd4 Nf6 5. Nc3 Nc6 6. h3 e5 7. Nf3 h6 8. Bc4 Be7 9. Be3 Be6 10. Bxe6 fxe6 11. Nh4 O-O 12. Ng6 Rf7 13. f4 exf4 14. Nxf4 Qd7 15. O-O Ne5 16. Qe2 a6 17. Rad1 b5 18. Bd4 Nc6 19. Bf2 Ne5 20. Nd3 Nxd3 21. Rxd3 b4 22. Nd1 Qb5 23. Re3 Qxe2 24. Rxe2 Nd7 25. Be1 Rxf1+ 26. Kxf1 a5 27. c3 bxc3 28. Bxc3 a4 29. Ne3 Rc8 30. Bb4 Ne5 31. Rc2 Rxc2 32. Nxc2 Nd3 33. b3 axb3 34. axb3 Kf7 35. Ba3 d5 36. exd5 exd5 37. Bxe7 Kxe7 38. Nd4 g6 39. Ke2 Nb4 40. Kd2 Kd6 41. Kc3 Na2+ 42. Kd3 Nb4+ 43. Ke3 Ke7 44. Ne2 g5 45. g4 Kd6 46. Nd4 Ke5 47. Nf3+ Kd6 48. h4 gxh4 49. Nxh4 Ke5 50. Nf3+ Kd6 51. Kf4 Nd3+ 52. Ke3 1/2-1/2

[Event "Letmathe - Münster 2"]
[Site "?"]
[Date "2024.04.07"]
[Round "8.5"]
[White "Boesel, Alexander"]
[Black "Mollema, Thomas"]
[Result "0-1"]
[WhiteElo "2010"]
[BlackElo "2227"]
[PlyCount "50"]
[EventDate "2024.??.??"]

1. e4 e5 2. Nf3 Nf6 3. Nxe5 d6 4. Nf3 Nxe4 5. d4 d5 6. Bd3 Be7 7. O-O O-O 8. Re1 Nd6 9. Bf4 Bg4 10. c3 Nd7 11. Qc2 Bxf3 12. gxf3 g6 13. Nd2 Re8 14. Nf1 Bf8 15. Rxe8 Nxe8 16. Ne3 c6 17. Ng2 Qf6 18. Re1 Ng7 19. Re3 Ne6 20. Bg3 c5 21. Qa4 cxd4 22. cxd4 Nb6 23. Be5 Qxe5 24. Rxe5 Nxa4 25. Rxd5 Nb6 0-1

[Event "Letmathe - Münster 2"]
[Site "?"]
[Date "2024.04.07"]
[Round "8.6"]
[White "Gruermann, Martin"]
[Black "Kamp, Adrian"]
[Result "1-0"]
[WhiteElo "2213"]
[BlackElo "2084"]
[PlyCount "103"]
[EventDate "2024.??.??"]

1. e4 c5 2. Nf3 Nc6 3. Nc3 e5 4. Bc4 d6 5. O-O Be7 6. Nd5 Nf6 7. Re1 Na5 8. Bb5+ Bd7 9. Bxd7+ Qxd7 10. Nxe7 Qxe7 11. d3 Nc6 12. c3 O-O 13. Nh4 d5 14. Bg5 dxe4 15. dxe4 Qe6 16. Qf3 Ne7 17. Nf5 Rad8 18. Rad1 Nxf5 19. Qxf5 Qxf5 20. exf5 h6 21. Bxf6 gxf6 22. g4 Rfe8 23. Kg2 Kf8 24. Kf3 Ke7 25. Ke4 Rd6 26. Rxd6 Kxd6 27. Re3 Rg8 28. Rg3 c4 29. f3 b5 30. Rh3 Rh8 31. Rh5 Ke7 32. h4 Rd8 33. Rxh6 Rd2 34. g5 fxg5 35. hxg5 Re2+ 36. Kd5 a5 37. Ra6 a4 38. Ra7+ Kf8 39. g6 fxg6 40. fxg6 Kg8 41. Rb7 e4 42. f4 Rxb2 43. Kxe4 Rxa2 44. Rxb5 a3 45. Ra5 Kg7 46. Kf5 Rb2 47. Ra7+ Kg8 48. Rxa3 Rb3 49. Ra4 Kg7 50. Kg5 Rxc3 51. Ra7+ Kf8 52. Kf6 1-0

[Event "Letmathe - Münster 2"]
[Site "?"]
[Date "2024.04.07"]
[Round "8.7"]
[White "Kamp, Aaron"]
[Black "Pfleger, Sascha"]
[Result "1/2-1/2"]
[WhiteElo "1971"]
[BlackElo "2051"]
[PlyCount "57"]
[EventDate "2024.??.??"]

1. e4 e5 2. d4 exd4 3. Nf3 Nf6 4. e5 Ne4 5. Qxd4 Nc5 6. Bc4 Ne6 7. Bxe6 dxe6 8. Qxd8+ Kxd8 9. Bg5+ Be7 10. Nc3 Bd7 11. O-O-O Bxg5+ 12. Nxg5 Ke7 13. f4 Bc6 14. Rhf1 h6 15. Nf3 g6 16. g4 h5 17. h3 hxg4 18. hxg4 a6 19. Nd4 Bd7 20. Ne4 Nc6 21. Nf3 Rad8 22. Nfg5 Bc8 23. c3 Rxd1+ 24. Rxd1 Rh2 25. Nf6 Rf2 26. Ngh7 Rxf4 27. Ng8+ Ke8 28. Ngf6+ Ke7 29. Ng8+ 1/2-1/2

[Event "Letmathe - Münster 2"]
[Site "?"]
[Date "2024.04.07"]
[Round "8.8"]
[White "Heeke, Guido"]
[Black "Klugstedt, Vincent"]
[Result "0-1"]
[WhiteElo "1924"]
[BlackElo "1913"]
[PlyCount "72"]
[EventDate "2024.??.??"]

1. c4 e6 2. Nf3 d5 3. d4 Nf6 4. Bg5 dxc4 5. Qa4+ Nbd7 6. Qxc4 Be7 7. e3 O-O 8. Nbd2 h6 9. Bh4 c5 10. Be2 b6 11. O-O Bb7 12. Qa4 cxd4 13. Qxd4 Nc5 14. Qxd8 Rfxd8 15. Rfd1 Na4 16. Nc4 Bd5 17. b3 Nc3 18. Rd2 g5 19. Bg3 Nfe4 20. Rc2 Nxg3 21. hxg3 Nxe2+ 22. Rxe2 Bxc4 23. bxc4 Rac8 24. Rc1 b5 25. Rec2 Ba3 26. Rb1 Rxc4 27. Re2 a6 28. Nd4 Rdc8 29. Rb3 Rc1+ 30. Kh2 Be7 31. Rbb2 Bf6 32. Rbd2 Bxd4 33. Rxd4 R8c4 34. Rdd2 g4 35. Rd8+ Kg7 36. Red2 Rc5 0-1

[Event "Solingen 3 - Bielefeld"]
[Site "?"]
[Date "2024.04.07"]
[Round "8.1"]
[White "Forchert, Martin"]
[Black "Zolfagharian, Kevin"]
[Result "1/2-1/2"]
[WhiteElo "2313"]
[BlackElo "2221"]
[PlyCount "83"]
[EventDate "2024.??.??"]

1. e4 e5 2. Nf3 Nf6 3. Nxe5 d6 4. Nf3 Nxe4 5. d3 Nf6 6. d4 d5 7. Bd3 Bd6 8. Qe2+ Qe7 9. Qxe7+ Bxe7 10. Bf4 c6 11. O-O h6 12. Re1 Be6 13. Ne5 c5 14. Bb5+ Nbd7 15. dxc5 Bxc5 16. Nxd7 Nxd7 17. Nd2 O-O 18. Nb3 Bb6 19. Be3 Bc7 20. Bd4 Rfd8 21. Bd3 Rac8 22. a4 a6 23. Re2 Bd6 24. c3 Nc5 25. Bc2 Bd7 26. Nxc5 Bxc5 27. Bxc5 Rxc5 28. Rd1 Bc6 29. f3 Rc4 30. Red2 Kf8 31. Bb3 Rf4 32. a5 Ba4 33. Bxa4 Rxa4 34. Rxd5 Rxd5 35. Rxd5 Ra1+ 36. Kf2 Ra2 37. Rd2 Rxa5 38. b4 Re5 39. Rd7 Re7 40. Rd8+ Re8 41. Rd7 Re7 42. Rd8+ 1/2-1/2

[Event "Solingen 3 - Bielefeld"]
[Site "?"]
[Date "2024.04.07"]
[Round "8.2"]
[White "Wickenfeld, Stefan"]
[Black "Gruen, Gerd-Peter"]
[Result "0-1"]
[WhiteElo "2207"]
[BlackElo "2255"]
[PlyCount "114"]
[EventDate "2024.??.??"]

1. d4 Nf6 2. Nf3 e6 3. g3 b5 4. Bg2 Bb7 5. O-O c5 6. a4 b4 7. c4 bxc3 8. Nxc3 cxd4 9. Nb5 Be7 10. Qxd4 Nc6 11. Nd6+ Bxd6 12. Qxd6 Qe7 13. Bf4 Nd5 14. Rfd1 Nxf4 15. Qxf4 d5 16. e4 dxe4 17. Qxe4 O-O 18. Rac1 Nb4 19. Qe5 Rac8 20. Qa5 Bd5 21. Ne5 Bxg2 22. Rxc8 Rxc8 23. Kxg2 Qb7+ 24. Kh3 Nd5 25. Qb5 Qc7 26. Nd3 Rb8 27. Rc1 Rxb5 28. Rxc7 Nxc7 29. axb5 Nxb5 30. Kg4 Kf8 31. Kf4 Ke7 32. g4 Kd6 33. Ke4 f6 34. h4 g6 35. h5 g5 36. f4 gxf4 37. Nxf4 Nc7 38. Ng6 h6 39. g5 fxg5 40. Ne5 Nd5 41. Ng4 Ke7 42. Nxh6 Nf6+ 43. Ke5 Nxh5 44. Ng8+ Kf7 45. Nh6+ Kg6 46. Ng4 Nf4 47. b3 Nd3+ 48. Kxe6 Nc5+ 49. Kd5 Nxb3 50. Kc4 Nd2+ 51. Kb5 Kf5 52. Nh6+ Kf4 53. Ka6 Ne4 54. Kxa7 Nd6 55. Kb6 Nf5 56. Ng8 Ke5 57. Kc5 g4 0-1

[Event "Solingen 3 - Bielefeld"]
[Site "?"]
[Date "2024.04.07"]
[Round "8.3"]
[White "Simon, Hans Christian"]
[Black "Kniest, Oliver"]
[Result "1/2-1/2"]
[WhiteElo "2159"]
[BlackElo "2257"]
[PlyCount "90"]
[EventDate "2024.??.??"]

1. Nf3 Nf6 2. d4 d5 3. c4 e6 4. g3 Be7 5. Bg2 O-O 6. O-O dxc4 7. Qc2 b5 8. a4 b4 9. Nfd2 Nd5 10. Nxc4 c5 11. dxc5 Bxc5 12. e4 Nb6 13. Ncd2 N8d7 14. a5 Ba6 15. axb6 Rc8 16. Qd1 Qxb6 17. Rxa6 Qxa6 18. Nb3 Rfd8 19. Nxc5 Nxc5 20. Qg4 Kh8 21. Be3 Nd3 22. b3 Qa2 23. Nd2 Nc5 24. Nf3 Qe2 25. Qf4 f6 26. Bxc5 Rxc5 27. e5 fxe5 28. Qxb4 Rdc8 29. Ng5 Qh5 30. Nxe6 Rc1 31. Qe7 Qg6 32. h4 Rxf1+ 33. Bxf1 Re8 34. Qxa7 Qxe6 35. Bc4 Qd6 36. Qb7 e4 37. Qd5 Qb4 38. Kf1 Qe7 39. Qd4 Rd8 40. Qe3 Qe5 41. Kg2 h6 42. Kh2 Kh7 43. Kg2 Qf5 44. Ba6 Rb8 45. Bc4 Rd8 1/2-1/2

[Event "Solingen 3 - Bielefeld"]
[Site "?"]
[Date "2024.04.07"]
[Round "8.4"]
[White "Asadzade, Idris"]
[Black "Goessling, Guido"]
[Result "1/2-1/2"]
[WhiteElo "2208"]
[BlackElo "2172"]
[PlyCount "119"]
[EventDate "2024.??.??"]

1. c4 c6 2. g3 d5 3. Nf3 Nf6 4. Bg2 dxc4 5. O-O Nbd7 6. Na3 Nb6 7. Qc2 Be6 8. Ng5 Bg4 9. Nxc4 Bxe2 10. Ne5 Bh5 11. Re1 h6 12. Nh3 Nbd5 13. Nxc6 Qc7 14. Nb4 Qxc2 15. Nxc2 g5 16. d4 e6 17. Bd2 O-O-O 18. Rac1 Kb8 19. f4 g4 20. Nf2 Bg6 21. Bxd5 Rxd5 22. Ne3 Rd7 23. Nexg4 Nxg4 24. Nxg4 Bg7 25. Ne5 Bxe5 26. Rxe5 Rxd4 27. Bc3 Rc8 28. Ree1 Rdd8 29. Bf6 Rxc1 30. Rxc1 Rg8 31. Kf2 b5 32. Be5+ Kb7 33. Rc7+ Kb6 34. Rd7 Ra8 35. Bd4+ Kc6 36. Rxa7 Rxa7 37. Bxa7 Bb1 38. a3 Kd5 39. g4 Bg6 40. Kg3 h5 41. Kh4 hxg4 42. Kxg4 f6 43. h4 e5 44. f5 Bh7 45. Bb6 Ke4 46. Bd8 Bxf5+ 47. Kh5 Kd5 48. Bxf6 Ke6 49. Kg5 Bc2 50. h5 Bd3 51. h6 Bc2 52. Bg7 Bb1 53. b3 Bc2 54. a4 bxa4 55. bxa4 Kd5 56. a5 Kc6 57. Bxe5 Kb7 58. Kf6 Ka8 59. Ke7 Bd3 60. Bh2 1/2-1/2